00737nam a2200181 a 4500008004100000050002200041100002200063245009800085260003900183300003400222500002200256650002200278650001100300650002500311995007900336999001700415952012300432220808s2021 ||||||||||||||||| || u aCBU-UG THESIS/NDI aNdiinda, Kennedy 10aInvestigating the effects of sewage sludge ash on laterite-cement blocks cBy Kennedy Ndiinda aKitwebCopperbelt Universityc2021 axi, 77 pages : illustrations  aACCOMPANIED BY CD aSEWAGE SLUDGE ASH aSEWAGE aSEWAGE - WASTE WATER FCBU-MAIN LIBRARY (Kitwe)M1UAVAILABLEWNov 7, 2022ZUniversity Collection c48178d48178 00102lcc4070a001b001cUniversity Collectiond2022-11-30l0oCBU-UG THESIS/NDIpB5154r2022-11-30w2022-11-30y002